|
|
|
|
| LEADER |
01480nam a22003014a 4500 |
| 001 |
4225 |
| 003 |
BD-DhAAL |
| 005 |
20150316100112.0 |
| 008 |
150316s2003 mau 001 0 eng |
| 010 |
|
|
|a 2002152617
|
| 020 |
|
|
|a 159139130X (alk. paper)
|
| 040 |
|
|
|a DLC
|c DLC
|d DLC
|d BD-DhAAL
|
| 050 |
0 |
0 |
|a HD45
|b .H343 2003
|
| 082 |
0 |
0 |
|a 658.4/063
|2 21
|
| 245 |
0 |
0 |
|a Harvard business review on the innovative enterprise.
|
| 260 |
|
|
|a Boston :
|b Harvard Business School Pub.,
|c c2003.
|
| 300 |
|
|
|a vii, 195 p. ;
|c 21 cm.
|
| 490 |
|
|
|a The Harvard business review paperback series
|
| 500 |
|
|
|a Includes index.
|
| 505 |
0 |
|
|a Creativity under the gun / Teresa M. Amabile, Constance N. Hadley, and steven J. Kramer -- Tough-minded ways to get innovative / Andrall E. Pearson -- Breaking out of the innovation box / John D. Wolpert -- The sputtering R&D machine / Martha Craumer -- Inspiring innovation / Ellen Peebles -- The discipline of innovation / Peter F. Drucker -- Research that reinvents the corporation / John Seely Brown -- Creativity is not enough / Theodore Levitt.
|
| 541 |
|
|
|e 4225
|
| 650 |
|
0 |
|a Technological innovations.
|9 9713
|
| 650 |
|
0 |
|a Creative ability in business.
|9 8878
|
| 650 |
|
0 |
|a Research, Industrial.
|9 9703
|
| 730 |
0 |
|
|a Harvard business review.
|9 9612
|
| 942 |
|
|
|2 ddc
|c BK
|
| 999 |
|
|
|c 34061
|d 34061
|
| 952 |
|
|
|0 0
|1 0
|2 ddc
|4 0
|6 658_400000000000000_063_HAR
|7 0
|9 53152
|a SCL
|b SCL
|c GEN
|d 2015-03-16
|g 1755.00
|l 0
|o 658.4063 HAR
|p 3020004225
|r 2015-03-16
|t 1
|w 2015-03-16
|y BK
|